Water for food, water for life : (Record no. 501)

MARC details
000 -LEADER
fixed length control field 01794nam a22004577a 4500
001 - CONTROL NUMBER
control field 15240244
005 - DATE AND TIME OF LATEST TRANSACTION
control field 20230727131940.0
008 - FIXED-LENGTH DATA ELEMENTS--GENERAL INFORMATION
fixed length control field 230727b |||||||| |||| 00| 0 eng d
010 ## - LIBRARY OF CONGRESS CONTROL NUMBER
LC control number 2008297586
Canceled/invalid LC control number 2008399736
015 ## - NATIONAL BIBLIOGRAPHY NUMBER
National bibliography number GBA676884
Source bnb
016 7# - NATIONAL BIBLIOGRAPHIC AGENCY CONTROL NUMBER
Record control number 013547628
Source Uk
020 ## - INTERNATIONAL STANDARD BOOK NUMBER
International Standard Book Number 1844073971 (hard)
020 ## - INTERNATIONAL STANDARD BOOK NUMBER
International Standard Book Number 9781844073979 (hard)
020 ## - INTERNATIONAL STANDARD BOOK NUMBER
International Standard Book Number 1844073963 (pbk.)
020 ## - INTERNATIONAL STANDARD BOOK NUMBER
International Standard Book Number 9781844073962 (pbk.)
035 ## - SYSTEM CONTROL NUMBER
System control number (OCoLC)ocm71285428
040 ## - CATALOGING SOURCE
Original cataloging agency UKM
Transcribing agency KMU
Modifying agency KMU
Description conventions rda
042 ## - AUTHENTICATION CODE
Authentication code pcc
050 00 - LIBRARY OF CONGRESS CALL NUMBER
Classification number S494.5.W3 Wat
245 00 - TITLE STATEMENT
Title Water for food, water for life :
Remainder of title a comprehensive assessment of water management in agriculture /
Statement of responsibility, etc. edited by David Molden for Comprehensive Assessment of Water Management in Agriculture.
246 30 - VARYING FORM OF TITLE
Title proper/short title Water for life
260 ## - PUBLICATION, DISTRIBUTION, ETC.
Place of publication, distribution, etc. London ;
-- Sterling, VA :
Name of publisher, distributor, etc. Earthscan,
Date of publication, distribution, etc. 2007.
300 ## - PHYSICAL DESCRIPTION
Extent xvii, 645 p. :
Other physical details col. ill. ;
Dimensions 25 cm.
500 ## - GENERAL NOTE
General note "Published with the International Water Management Institute"--P. opposite t.p.
504 ## - BIBLIOGRAPHY, ETC. NOTE
Bibliography, etc. note Includes bibliographical references.
650 #0 - SUBJECT ADDED ENTRY--TOPICAL TERM
Topical term or geographic name entry element Water in agriculture.
650 #0 - SUBJECT ADDED ENTRY--TOPICAL TERM
Topical term or geographic name entry element Water-supply, Agricultural
General subdivision Management.
650 17 - SUBJECT ADDED ENTRY--TOPICAL TERM
Topical term or geographic name entry element Waterhuishouding.
Source of heading or term gtt
650 17 - SUBJECT ADDED ENTRY--TOPICAL TERM
Topical term or geographic name entry element Landbouw.
Source of heading or term gtt
650 17 - SUBJECT ADDED ENTRY--TOPICAL TERM
Topical term or geographic name entry element Levensmiddelen.
Source of heading or term gtt
650 17 - SUBJECT ADDED ENTRY--TOPICAL TERM
Topical term or geographic name entry element Leven.
Source of heading or term gtt
650 17 - SUBJECT ADDED ENTRY--TOPICAL TERM
Topical term or geographic name entry element Beoordeling
Source of heading or term gtt
700 1# - ADDED ENTRY--PERSONAL NAME
Personal name Molden, D.
Fuller form of name (David)
710 2# - ADDED ENTRY--CORPORATE NAME
Corporate name or jurisdiction name as entry element International Water Management Institute.
710 2# - ADDED ENTRY--CORPORATE NAME
Corporate name or jurisdiction name as entry element Comprehensive Assessment of Water Management in Agriculture (Program)
856 41 - ELECTRONIC LOCATION AND ACCESS
Materials specified Table of contents only
Uniform Resource Identifier <a href="http://www.loc.gov/catdir/toc/fy0805/2008297586.html">http://www.loc.gov/catdir/toc/fy0805/2008297586.html</a>
906 ## - LOCAL DATA ELEMENT F, LDF (RLIN)
a 7
b cbc
c pccadap
d 2
e ncip
f 20
g y-gencatlg
942 ## - ADDED ENTRY ELEMENTS (KOHA)
Source of classification or shelving scheme Library of Congress Classification
Koha item type Non-Fiction
Suppress in OPAC No
Holdings
Withdrawn status Lost status Source of classification or shelving scheme Damaged status Not for loan Collection Home library Current library Shelving location Date acquired Source of acquisition Total Checkouts Full call number Barcode Date last seen Price effective from Koha item type
    Library of Congress Classification     Non-fiction Kapasa Makasa University Kapasa Makasa University Open Access 27.07.2023 Book International Aid   S 494.5.W3 Wat 740577 27.07.2023 27.07.2023 Non-Fiction